Normal view MARC view
  • Hahn, Brian D.

Entry Personal Name

Number of records used in: 1

001 - CONTROL NUMBER

  • control field: 153474

003 - CONTROL NUMBER IDENTIFIER

  • control field: TR-AnTOB

005 - DATE AND TIME OF LATEST TRANSACTION

  • control field: 20260408165642.0

008 - FIXED-LENGTH DATA ELEMENTS

  • fixed length control field: 880315n| azannaabn |a aaa

010 ## - LIBRARY OF CONGRESS CONTROL NUMBER

  • LC control number: n 87917172

040 ## - CATALOGING SOURCE

  • Original cataloging agency: DLC
  • Language of cataloging: eng
  • Description conventions: rda
  • Transcribing agency: DLC
  • Modifying agency: MoU
  • Modifying agency: DLC
  • Modifying agency: TR-AnTOB

046 ## - SPECIAL CODED DATES

  • Birth date: 19461121

100 1# - HEADING--PERSONAL NAME

  • Personal name: Hahn, Brian D.

370 ## - ASSOCIATED PLACE

  • Place of birth: Cape Town (South Africa)
  • Source of term: naf

400 1# - SEE FROM TRACING--PERSONAL NAME

  • Personal name: Hahn, Brian H.

670 ## - SOURCE DATA FOUND

  • Source citation: His True BASIC by prob. solving, c1988:
  • Information found: CIP t.p. (Brian D. Hahn) t.p. verso (Dr. Brian D. Hahn, Dept. of Applied Math., Univ. of Cape Town)

670 ## - SOURCE DATA FOUND

  • Source citation: Essential MATLAB for engineers and scientists, c2010:
  • Information found: t.p. (Brian H. [i.e. Brian D.] Hahn) p. xvii (late Brian D. Hahn)

670 ## - SOURCE DATA FOUND

  • Source citation: Dept. of Mathematics and Applied Mathematics, Univ. of Cape Town website, viewed Feb. 12, 2010
  • Information found: (Brian D. Hahn, Assoc. Prof., Dept. of Mathematics & Applied Mathematics, Univ. of Cape Town; b. Nov. 21, 1946 Cape Town; BSc (Applied Mathematics & Physics) Cape Town,1968; BSc (Theoretical Physics) Cape Town, 1969; PhD Cantab 1973 (Optimisation of scattering amplitues [sic])

688 ## - APPLICATION HISTORY NOTE

  • Institution to which field applies: TR-AnTOB
  • Application history note: GU 08.04.2026
Devinim Yazılım Eğitim Danışmanlık tarafından Koha'nın orjinal sürümü uyarlanarak geliştirilip kurulmuştur.